[Event "Campeonato Argentino 2004"]
[Site "SchemingMind.com"]
[Date "2004.08.13"]
[Round "-"]
[White "Oskyrain"]
[Black "ReyFeroz"]
[Result "1-0"]
[WhiteCountry "ARG"]
[BlackCountry "ARG"]
[WhiteElo "2084"]
[WhiteRD "81"]
[BlackElo "1913"]
[BlackRD "114"]
[GameID "3296"]

1. d4 f5 2. Nc3 d5 3. Nf3 Nf6 4. Bf4 c6 5. e3 e6 6. Bd3 Be7 7. O-O O-O 8. Ne2 Ne4 9. c4 Nd7 10. Qc2 g5
11. Bg3 h5 12. h3 Nxg3 13. Nxg3 g4 14. Nd2 Nf6 15. Ne2 Bd6 16. c5 Bc7 17. f3 gxh3 18. gxh3 Nh7 19. f4 Bd7 20. Kh2 Kh8
21. Nf3 Rg8 22. Ng3 Qe8 23. Rg1 Qf7 24. Ne5 Bxe5 25. dxe5 h4 26. Ne2 Rxg1 27. Rxg1 Rg8 28. Rxg8+ Qxg8 29. Qc3 Qd8 30. Nd4 Nf8
31. Nxf5 exf5 32. e6+ Kg8 33. exd7 Qxd7 34. Qe5 Qe6 35. Bxf5 Qxe5 36. fxe5 Kf7 37. Kg2 Ne6 38. b4 Nc7 39. Bc8 b6 40. cxb6 axb6
41. a4 c5 42. a5 bxa5 43. bxa5 c4 44. Kf3 Nb5 45. a6 c3 46. e6+ Ke7= 47. Ke2 d4 48. exd4 Nxd4+ 49. Kd3 c2 50. Kd2
1-0

[Event "Campeonato Argentino 2004"]
[Site "SchemingMind.com"]
[Date "2004.08.24"]
[Round "-"]
[White "ReyFeroz"]
[Black "Oskyrain"]
[Result "1/2-1/2"]
[WhiteCountry "ARG"]
[BlackCountry "ARG"]
[WhiteElo "1927"]
[WhiteRD "111"]
[BlackElo "2162"]
[BlackRD "89"]
[GameID "3297"]

1. c4 Nf6 2. Nc3 e6 3. e4 d5 4. e5 d4 5. exf6 dxc3 6. bxc3 Qxf6 7. d4 c5 8. Nf3 cxd4 9. cxd4 Nc6 10. a3 Bd6
11. Bg5 Qg6 12. Bd3 f5 13. Qd2 h6 14. Bf4 Qxg2 15. Rg1 Nxd4 16. Rxg2 Nxf3+ 17. Kd1 Nxd2 18. Bxd6 Ne4 19. Bxe4 fxe4 20. Rxg7 Bd7
21. Ke2 Rc8 22. Re7+ Kd8 23. Rd1 Rg8 24. Bb4 Rc7 25. Rxe6 Rxc4 26. Rxh6 Ke8 27. Ke3 Ba4 28. Rd2 Kf7 29. Rh7+ Rg7 30. Rh4 Rg1
31. Rd4 Rxd4=
1/2-1/2

[Event "Campeonato Argentino 2004"]
[Site "SchemingMind.com"]
[Date "2004.08.14"]
[Round "-"]
[White "aberbacha"]
[Black "ReyFeroz"]
[Result "1-0"]
[WhiteCountry "ARG"]
[BlackCountry "ARG"]
[WhiteElo "2183"]
[WhiteRD "121"]
[BlackElo "1927"]
[BlackRD "111"]
[GameID "3306"]

1. e4 c6 2. d4 d5 3. e5 Bf5 4. Nf3 e6 5. Be2 c5 6. Be3 Nd7 7. O-O Ne7 8. c4 dxc4 9. Na3 Nd5 10. Nxc4 b5
11. Bg5 Qb8 12. Ne3 h6 13. Bh4 Nxe3 14. fxe3 Be4 15. Nd2 Bc6 16. Bh5 g6 17. Bxg6 fxg6 18. Qg4 g5 19. Qxe6+ Kd8 20. Qxc6 gxh4
21. Rf7 Be7 22. Ne4 Qc8 23. Qd5 Rb8 24. dxc5 h3 25. Rd1
1-0

[Event "Campeonato Argentino 2004"]
[Site "SchemingMind.com"]
[Date "2004.08.14"]
[Round "-"]
[White "aberbacha"]
[Black "Oskyrain"]
[Result "1-0"]
[WhiteCountry "ARG"]
[BlackCountry "ARG"]
[WhiteElo "2105"]
[WhiteRD "128"]
[BlackElo "2017"]
[BlackRD "102"]
[GameID "3307"]

1. e4 c5 2. c3 Nc6 3. d4 e6 4. Nf3 d5 5. e5 Nge7 6. Na3 Ng6 7. Nc2 Be7 8. g3 cxd4 9. cxd4 Ngxe5 10. dxe5 O-O
11. Bg2 f6 12. Qe2 d4 13. exf6 Bxf6 14. Qd3 e5 15. Nd2 Be6 16. O-O Rc8 17. Be4 g6 18. Bg2 Bg7 19. Ne4 Qc7 20. b3 Ne7
21. Ba3 Qxc2 22. Qxc2 Rxc2 23. Bxe7 Rf7 24. Bd6 b6 25. Rac1 Rxa2 26. Ng5 Bxb3 27. Rc8+ Rf8 28. Bxf8 Bxf8 29. Rb1 Rc2 30. Rxf8+ Kxf8
31. Rxb3 h6 32. Ne4 Rc1+ 33. Bf1 Ke7 34. Rb5 Ke6 35. Kg2 g5 36. Be2 Kf5 37. Nd6+ Ke6 38. Nc4 Re1 39. Rxe5+ Kf6 40. f4
1-0

[Event "Campeonato Argentino 2004"]
[Site "SchemingMind.com"]
[Date "2004.08.24"]
[Round "-"]
[White "ReyFeroz"]
[Black "aberbacha"]
[Result "0-1"]
[WhiteCountry "ARG"]
[BlackCountry "ARG"]
[WhiteElo "1947"]
[WhiteRD "129"]
[BlackElo "2144"]
[BlackRD "127"]
[GameID "3308"]

1. c4 e5 2. Nc3 Nf6 3. g3 Bb4 4. Bg2 O-O 5. e4 Bxc3 6. bxc3 c6 7. Ba3 Re8 8. Qb3 b6 9. Ne2 Bb7 10. c5 Ba6
11. c4 bxc5 12. Bxc5 d5 13. exd5 cxd5 14. cxd5 Nbd7 15. Ba3 e4 16. Nf4 Ne5 17. d6 Nfg4 18. Bc5 g5 19. Bxe4 Nd7
0-1

[Event "Campeonato Argentino 2004"]
[Site "SchemingMind.com"]
[Date "2004.08.14"]
[Round "-"]
[White "Oskyrain"]
[Black "aberbacha"]
[Result "1/2-1/2"]
[WhiteCountry "ARG"]
[BlackCountry "ARG"]
[WhiteElo "2085"]
[WhiteRD "119"]
[BlackElo "2027"]
[BlackRD "140"]
[GameID "3309"]

1. d4 Nf6 2. c4 e6 3. Nc3 d5 4. Nf3 c5 5. cxd5 exd5 6. Bg5 cxd4 7. Bxf6 Qxf6 8. Nxd5 Qd8 9. Qxd4 Nc6 10. Qe4+ Be6
11. Nc3 Bb4 12. Rc1 O-O 13. a3 Bxc3+ 14. Rxc3 Bd5 15. Qf4 Qb6 16. Qc1 Rad8 17. e3 Bxf3 18. gxf3 Ne5 19. Be2 Qe6 20. f4 Qd5
21. Rg1 Nf3+ 22. Bxf3 Qxf3 23. Qc2 Qh5 24. Qe2 Qxh2 25. Qg4 g6 26. Ke2 Rd6 27. Rc8 b6= 28. Rxf8+ Kxf8 29. Rc1 Kg7 30. e4 b5
31. e5 Rd4 32. Ke3 Rc4 33. Rxc4 bxc4 34. Qc8 Qh1=
1/2-1/2

[Event "Campeonato Argentino 2004"]
[Site "SchemingMind.com"]
[Date "2004.08.15"]
[Round "-"]
[White "Jorge Anibal DEKMAK"]
[Black "ReyFeroz"]
[Result "1/2-1/2"]
[WhiteCountry "ARG"]
[BlackCountry "ARG"]
[WhiteElo "2016"]
[WhiteRD "101"]
[BlackElo "1945"]
[BlackRD "136"]
[GameID "3325"]

1. e4 c6 2. d4 d5 3. Nc3 dxe4 4. Nxe4 Bf5 5. Ng3 Bg6 6. N1e2 e6 7. h4 h6 8. Nf4 Bh7 9. Bc4 Nf6 10. O-O Bd6
11. Re1 O-O 12. c3 Re8 13. Qf3 Nbd7 14. Bd2 Nd5 15. Nxd5 cxd5 16. Bb5 a6 17. Bxd7 Qxd7 18. Bf4 Bxf4 19. Qxf4 Rac8 20. Nh5 Qc7=
1/2-1/2

[Event "Campeonato Argentino 2004"]
[Site "SchemingMind.com"]
[Date "2004.08.15"]
[Round "-"]
[White "Jorge Anibal DEKMAK"]
[Black "aberbacha"]
[Result "1/2-1/2"]
[WhiteCountry "ARG"]
[BlackCountry "ARG"]
[WhiteElo "1998"]
[WhiteRD "109"]
[BlackElo "2122"]
[BlackRD "120"]
[GameID "3326"]

1. e4 e5 2. Nf3 Nf6 3. Nxe5 d6 4. Nf3 Nxe4 5. d4 d5 6. Bd3 Nc6 7. O-O Be7 8. Nbd2 Nxd2 9. Bxd2 Bg4 10. c3 O-O
11. Re1 Bd6 12. h3 Bh5 13. b4 h6 14. a4 Re8 15. Rxe8+ Qxe8 16. a5 a6 17. Qe2 Qxe2 18. Bxe2 Re8 19. Re1 Kf8 20. g4 Bg6
21. Nh4 Ne7 22. Ng2 Bh7 23. h4 Nc8 24. h5 c6 25. Kf1 Bh2 26. f3 Bg3=
1/2-1/2

[Event "Campeonato Argentino 2004"]
[Site "SchemingMind.com"]
[Date "2004.08.15"]
[Round "-"]
[White "Jorge Anibal DEKMAK"]
[Black "Oskyrain"]
[Result "1-0"]
[WhiteCountry "ARG"]
[BlackCountry "ARG"]
[WhiteElo "2002"]
[WhiteRD "115"]
[BlackElo "2017"]
[BlackRD "102"]
[GameID "3327"]

1. e4 c5 2. Nf3 Nc6 3. d4 cxd4 4. Nxd4 Qa5+ 5. Nc3 Nxd4 6. Qxd4 e5 7. Qd3 Nf6 8. Bd2 Bb4 9. a3 O-O 10. O-O-O Bxc3
11. Bxc3 Qc7 12. f3 Re8 13. Qd6 Qxd6 14. Rxd6 b6 15. Bb5 a6 16. Bc4 b5 17. Ba2 a5 18. g4 b4 19. Bd2 bxa3 20. bxa3 Re7
21. Rb6 a4 22. g5 Nh5 23. Bd5 Ra7 24. Rb8 Re8 25. Be3 Rc7 26. Bb6 Rc3 27. Kb2 Rxf3 28. Bb7 d6 29. Rxc8 Rxc8 30. Bxc8 Rf4
31. Rd1 h6 32. Rxd6 hxg5 33. Bc7 Kh7 34. Ra6 f6 35. Rxa4 Rh4 36. Rc4 Rxh2 37. a4 Nf4 38. a5 Nd3+ 39. Kc3 Nf2 40. a6 Nd1+
41. Kb3 Ne3 42. Rc6 g4 43. a7 g3 44. Bb6 Rh3 45. Bxh3
1-0

[Event "Campeonato Argentino 2004"]
[Site "SchemingMind.com"]
[Date "2004.08.24"]
[Round "-"]
[White "ReyFeroz"]
[Black "Jorge Anibal DEKMAK"]
[Result "0-1"]
[WhiteCountry "ARG"]
[BlackCountry "ARG"]
[WhiteElo "1927"]
[WhiteRD "111"]
[BlackElo "2084"]
[BlackRD "103"]
[GameID "3328"]

1. c4 Nf6 2. Nc3 e6 3. e4 d5 4. e5 d4 5. exf6 dxc3 6. bxc3 Qxf6 7. d4 b6 8. Nf3 Bb7 9. Be2 Bd6 10. Bg5 Qf5
11. Rb1 Nd7 12. c5 Be4 13. Rb2 bxc5 14. O-O O-O 15. Be3 Rab8 16. Rxb8 Rxb8 17. Qa4 Nb6 18. Qa6 cxd4 19. cxd4 Nd5 20. Bd2 h6
21. Qxa7 Rb2 22. Qa8+ Kh7 23. Qa5 Qg6 24. Bd1 c6 25. g3 Qf5 26. Nh4 Qh3 27. Bf3 Bxf3 28. Nxf3 Bb4 29. Bxb4 Ne3
0-1

[Event "Campeonato Argentino 2004"]
[Site "SchemingMind.com"]
[Date "2004.08.15"]
[Round "-"]
[White "aberbacha"]
[Black "Jorge Anibal DEKMAK"]
[Result "1-0"]
[WhiteCountry "ARG"]
[BlackCountry "ARG"]
[WhiteElo "2122"]
[WhiteRD "120"]
[BlackElo "1998"]
[BlackRD "109"]
[GameID "3329"]

1. d4 Nf6 2. Nf3 d5 3. e3 e6 4. Bd3 c5 5. c3 Nbd7 6. O-O Bd6 7. Nbd2 O-O 8. Re1 Qc7 9. e4 cxd4 10. cxd4 dxe4
11. Nxe4 Nxe4 12. Rxe4 h6 13. Bxh6 f5 14. Rxe6 gxh6 15. Rc1 Qb8 16. Rg6+ Kh7 17. Nh4 Nf6 18. Rxc8 Bxh2+ 19. Kh1 Qxc8 20. Bxf5 Qxf5
21. Nxf5 Kxg6 22. Nh4+ Kg7 23. Kxh2 Rad8 24. Qc2 Rf7 25. Qg6+ Kf8 26. Qxh6+
1-0

[Event "Campeonato Argentino 2004"]
[Site "SchemingMind.com"]
[Date "2004.08.14"]
[Round "-"]
[White "Oskyrain"]
[Black "Jorge Anibal DEKMAK"]
[Result "1/2-1/2"]
[WhiteCountry "ARG"]
[BlackCountry "ARG"]
[WhiteElo "2017"]
[WhiteRD "102"]
[BlackElo "2002"]
[BlackRD "115"]
[GameID "3330"]

1. d4 Nf6 2. c4 e6 3. Nc3 Bb4 4. e3 O-O 5. Nf3 c5 6. dxc5 Ne4 7. Bd2 Bxc3 8. Bxc3 Nxc3 9. bxc3 Na6 10. Qd4 Qc7
11. Be2 Nxc5 12. O-O b6 13. Rfd1 Bb7 14. Qd6 Qc6 15. Qxc6 Bxc6 16. Ne5 Ba4 17. Rd4 Rfd8 18. Bd1 d6 19. Nd3 Bc6 20. Bc2 Nxd3
21. Bxd3 f5 22. Bc2 Kf7 23. Rad1 Ke7 24. f4 Rac8 25. e4 fxe4 26. Bxe4 Bxe4 27. Rxe4 Kd7 28. Rde1 Re8 29. Kf2 Rc5 30. g4 e5
31. fxe5 Rcxe5 32. Rxe5 Rxe5 33. h4 Rc5 34. Re4 Ra5 35. Rf4 Rxa2+ 36. Ke3 Ke7 37. Re4+ Kd8 38. Rd4 Rh2 39. h5 Rh3+ 40. Kd2 Ke7
41. Re4+ Kf6 42. Rf4+ Ke6 43. Re4+ Kd7 44. Rf4 Rh2+ 45. Kd3 Ke6 46. Re4+ Kf7 47. Rf4+ Kg8 48. Rd4 Rh1 49. Ke4 Re1+ 50. Kd5 Re3
51. Kxd6 Rxc3 52. Kc6 Kf7 53. Rd7+ Kf6 54. g5+ Kxg5 55. Rxg7+ Kh6 56. Rxa7 Rxc4+ 57. Kxb6=
1/2-1/2

[Event "Campeonato Argentino 2004"]
[Site "SchemingMind.com"]
[Date "2004.08.24"]
[Round "-"]
[White "ferqwer"]
[Black "ReyFeroz"]
[Result "0-1"]
[WhiteCountry "ARG"]
[BlackCountry "ARG"]
[WhiteElo "1498"]
[WhiteRD "131"]
[BlackElo "1927"]
[BlackRD "111"]
[GameID "3464"]

1. e4 c6 2. d4 d5 3. Nc3 dxe4 4. Nxe4 Bf5 5. Ng3 Bg6 6. N1e2 e6 7. Nf4 Qh4 8. Bd3 Bd6 9. Qf3 Bxd3 10. Nxd3 Qxd4
11. Be3 Qd5 12. Qxd5 exd5 13. O-O-O Ne7 14. Bc5 Bxc5 15. Nxc5 b6 16. Nd3 O-O 17. Rhe1 Ng6 18. Nf5 Na6 19. a3 Rad8 20. h4 h5
21. g3 Rfe8 22. b4 Nc7 23. Nd4 Rxe1 24. Rxe1 Rd6 25. Ne5 c5 26. Ne2 Nxe5
0-1

[Event "Campeonato Argentino 2004"]
[Site "SchemingMind.com"]
[Date "2004.08.24"]
[Round "-"]
[White "ferqwer"]
[Black "aberbacha"]
[Result "0-1"]
[WhiteCountry "ARG"]
[BlackCountry "ARG"]
[WhiteElo "1377"]
[WhiteRD "135"]
[BlackElo "2007"]
[BlackRD "150"]
[GameID "3465"]

1. e4 c5 2. Nf3 Nc6 3. d4 cxd4 4. Nxd4 Nf6 5. Nxc6 bxc6 6. Bd3 d6 7. Nd2 g6 8. O-O Bg7 9. f4 O-O 10. Kh1 Rb8
11. Rb1 Qa5= 12. a3 Bg4 13. Be2 Qh5 14. Nf3 Nxe4 15. Kg1 Qc5+ 16. Kh1 Nc3 17. Qe1 Nxb1 18. h3 Bxf3 19. Bxf3 Bxb2 20. Bd2 Nxd2
21. Qxd2 d5 22. f5 Qxa3
0-1

[Event "Campeonato Argentino 2004"]
[Site "SchemingMind.com"]
[Date "2004.08.24"]
[Round "-"]
[White "ferqwer"]
[Black "Jorge Anibal DEKMAK"]
[Result "0-1"]
[WhiteCountry "ARG"]
[BlackCountry "ARG"]
[WhiteElo "1377"]
[WhiteRD "135"]
[BlackElo "1924"]
[BlackRD "132"]
[GameID "3466"]

1. e4 e5 2. Nf3 Nf6 3. d4 exd4 4. Nxd4 Qe7 5. f3 d5 6. Bd3 dxe4 7. fxe4 Bg4 8. Ne2 Nxe4 9. O-O Nc6 10. Qe1 Nc5
11. Nbc3 Nxd3 12. cxd3 O-O-O 13. Nf4 Qxe1 14. Rxe1 Nb4 15. Rb1 Nxd3 16. Nxd3 Rxd3 17. Bf4 Bb4 18. a3 Bxc3 19. bxc3 Rxc3 20. Re7 Be6
21. a4 Rd8 22. Be5 Rc2 23. Bxg7 Rg8 24. Be5 Rgxg2+ 25. Kf1 Bc4+
0-1

[Event "Campeonato Argentino 2004"]
[Site "SchemingMind.com"]
[Date "2004.08.24"]
[Round "-"]
[White "ferqwer"]
[Black "Oskyrain"]
[Result "0-1"]
[WhiteCountry "ARG"]
[BlackCountry "ARG"]
[WhiteElo "1415"]
[WhiteRD "170"]
[BlackElo "1954"]
[BlackRD "151"]
[GameID "3467"]

1. d4 Nf6 2. c4 e6 3. Nc3 Bb4 4. Bg5 h6 5. Bh4 g5 6. Bg3 Ne4 7. Qc2 Nxg3 8. hxg3 d6 9. d5 Na6 10. e4 Qf6
11. Bd3 Bd7 12. a3 Bxc3+ 13. bxc3 Nc5 14. Be2 Ba4 15. Qb2 Nxe4 16. Bd3 Nxf2 17. Ne2 Nxd3+
0-1

[Event "Campeonato Argentino 2004"]
[Site "SchemingMind.com"]
[Date "2004.08.24"]
[Round "-"]
[White "ReyFeroz"]
[Black "ferqwer"]
[Result "1-0"]
[WhiteCountry "ARG"]
[BlackCountry "ARG"]
[WhiteElo "1933"]
[WhiteRD "114"]
[BlackElo "1490"]
[BlackRD "132"]
[GameID "3468"]

1. c4 Nf6 2. Nc3 g6 3. e4 d6 4. d4 Bg7 5. f3 O-O 6. Be3 c5 7. Nge2 cxd4 8. Nxd4 a6 9. Be2 Nc6 10. Qd2 Be6
11. O-O Nxd4 12. Bxd4 Rc8 13. Nd5 Bxd5 14. cxd5 h6 15. Rac1 Qd7 16. b3 e6 17. dxe6 fxe6 18. Rxc8 Rxc8 19. Bxf6 Bxf6 20. Qxh6 Qg7
21. Qxg7+ Kxg7 22. Bc4 Bd4+ 23. Kh1 Kf6 24. Rd1 Be5 25. a4 Rh8 26. h3 Rb8 27. Rc1 Rc8 28. Rc2 b5 29. Bd3 Rxc2 30. Bxc2 b4
31. Kg1 a5 32. Kf2 Bf4 33. g3 Bc1 34. f4 g5 35. fxg5+ Kxg5 36. h4+ Kf6 37. g4 Ke5 38. Kf3
1-0

[Event "Campeonato Argentino 2004"]
[Site "SchemingMind.com"]
[Date "2004.08.25"]
[Round "-"]
[White "aberbacha"]
[Black "ferqwer"]
[Result "1-0"]
[WhiteCountry "ARG"]
[BlackCountry "ARG"]
[WhiteElo "2007"]
[WhiteRD "150"]
[BlackElo "1377"]
[BlackRD "135"]
[GameID "3469"]

1. d4 Nf6 2. c4 g6 3. Nc3 d5 4. Nf3 Bg7 5. cxd5 Nxd5 6. e4 Nxc3 7. bxc3 O-O 8. Be3 c5 9. Qd2 Bg4 10. Ng5 Nc6
11. h3 Bc8 12. Rd1 Qa5 13. Nf3 Rd8 14. Be2 cxd4 15. cxd4 b6 16. O-O Bb7 17. d5 Rac8 18. dxc6 Rxd2 19. cxb7 Rb8 20. Bxd2 Qxa2
21. Rc1 Rxb7 22. Rc8+ Bf8 23. Bh6
1-0

[Event "Campeonato Argentino 2004"]
[Site "SchemingMind.com"]
[Date "2004.08.25"]
[Round "-"]
[White "Jorge Anibal DEKMAK"]
[Black "ferqwer"]
[Result "1-0"]
[WhiteCountry "ARG"]
[BlackCountry "ARG"]
[WhiteElo "1924"]
[WhiteRD "132"]
[BlackElo "1377"]
[BlackRD "135"]
[GameID "3470"]

1. e4 e5 2. Nf3 Nc6 3. Bb5 a6 4. Ba4 Nf6 5. Nc3 b5 6. Bb3 d6 7. a3 Be7 8. h3 O-O 9. d3 h6 10. Be3 Be6
11. Nd5 Na5 12. Nxe7+ Qxe7 13. Ba2 c5 14. Nh4 Rad8 15. Bxe6 Qxe6 16. Nf5 c4 17. Bb6 Nb7 18. Bxd8 Rxd8 19. Qf3 Nc5 20. Qg3 Ne8
21. O-O d5 22. d4 Nxe4 23. Qxe5 Qd7 24. Rae1 Nd2 25. Qf4 Nxf1 26. Re7 Qc6 27. Nxg7 Nd6 28. Qf6 Nd2 29. Ne6
1-0

[Event "Campeonato Argentino 2004"]
[Site "SchemingMind.com"]
[Date "2004.08.25"]
[Round "-"]
[White "Oskyrain"]
[Black "ferqwer"]
[Result "1-0"]
[WhiteCountry "ARG"]
[BlackCountry "ARG"]
[WhiteElo "2092"]
[WhiteRD "120"]
[BlackElo "1377"]
[BlackRD "135"]
[GameID "3471"]

1. d4 Nf6 2. c4 g6 3. Nc3 d5 4. cxd5 Nxd5 5. e4 Nxc3 6. bxc3 Bg7 7. Nf3 O-O 8. Ba3 Nd7 9. Bd3 c5 10. O-O Qa5
11. Qb3 Re8 12. Rfd1 cxd4 13. cxd4 b6 14. Bb4 Qh5 15. Rac1 Nf6 16. Rc7 Bg4 17. Bxe7 Nd7 18. Bd6 Be6 19. Qb5 Qxb5 20. Bxb5 Red8
21. d5 Bg4 22. Be2 Nf6 23. Be7 Rd7 24. d6 Ne8 25. Rc2 Bxf3 26. Bxf3 Be5 27. Bg4 Rxd6 28. Bxd6 Nxd6 29. f3 h5 30. Bh3 b5
31. Rc5 Bf4 32. Rcd5 Nc4 33. Rxb5 Be3+ 34. Kf1 Bb6 35. Rc1 Nd6 36. Rd5 Be3 37. Rc3 Bf4 38. g3 Be5 39. Rxe5
1-0

[Event "Campeonato Argentino 2004"]
[Site "SchemingMind.com"]
[Date "2004.09.01"]
[Round "-"]
[White "lea_dc"]
[Black "ReyFeroz"]
[Result "0-1"]
[WhiteCountry "ARG"]
[BlackCountry "ARG"]
[WhiteElo "1605"]
[WhiteRD "84"]
[BlackElo "1947"]
[BlackRD "129"]
[GameID "3646"]

1. e4 c6 2. d4 d5 3. Nc3 dxe4 4. Nxe4 Bf5 5. Ng3 Bg6 6. h4 h6 7. h5 Bh7 8. Nf3 Nd7 9. Be2 Qc7 10. O-O e6
11. Be3 Ngf6 12. c4 Bd6 13. Bd3 Bxd3 14. Qxd3 Bxg3 15. fxg3 Qxg3 16. Qb3 Qc7 17. Qa3 Nb6 18. b3 Qe7 19. c5 Nbd5 20. Bf2 O-O
21. Ne5 Nxh5 22. Nc4 Qg5 23. Nd6 Ndf4 24. g3 Nxg3 25. Bxg3 Qxg3+
0-1

[Event "Campeonato Argentino 2004"]
[Site "SchemingMind.com"]
[Date "2004.09.01"]
[Round "-"]
[White "lea_dc"]
[Black "aberbacha"]
[Result "0-1"]
[WhiteCountry "ARG"]
[BlackCountry "ARG"]
[WhiteElo "1580"]
[WhiteRD "81"]
[BlackElo "2007"]
[BlackRD "150"]
[GameID "3647"]

1. e4 c5 2. Nf3 Nc6 3. d4 cxd4 4. Nxd4 Nf6 5. Nc3 e5 6. Nf5 d5 7. Ne3 d4 8. Ncd5 dxe3 9. Bxe3 Nxd5 10. exd5 Ne7
11. Bc4 Nf5 12. O-O Be7 13. Bd2 Nd6 14. Bb3 O-O 15. Re1 Bg5 16. Rxe5 Bf6 17. Re1 Bxb2 18. Rb1 Bf6 19. Bb4 a5 20. Bxd6 Qxd6
21. Qf3 b5 22. c4 a4
0-1

[Event "Campeonato Argentino 2004"]
[Site "SchemingMind.com"]
[Date "2004.09.01"]
[Round "-"]
[White "lea_dc"]
[Black "Jorge Anibal DEKMAK"]
[Result "0-1"]
[WhiteCountry "ARG"]
[BlackCountry "ARG"]
[WhiteElo "1598"]
[WhiteRD "95"]
[BlackElo "1831"]
[BlackRD "148"]
[GameID "3648"]

1. e4 e5 2. Nf3 Nf6 3. Nc3 Nc6 4. Bb5 Nd4 5. Nxd4 exd4 6. Ne2 c6 7. Ba4 d5 8. Nxd4 dxe4 9. Ne2 Bg4 10. O-O Qa5
11. Bb3 Bd6 12. d3 Qh5 13. Re1 Qxh2+
0-1

[Event "Campeonato Argentino 2004"]
[Site "SchemingMind.com"]
[Date "2004.09.01"]
[Round "-"]
[White "lea_dc"]
[Black "Oskyrain"]
[Result "0-1"]
[WhiteCountry "ARG"]
[BlackCountry "ARG"]
[WhiteElo "1598"]
[WhiteRD "95"]
[BlackElo "2065"]
[BlackRD "130"]
[GameID "3649"]

1. e4 c5 2. Nf3 Nc6 3. d4 cxd4 4. Nxd4 e5 5. Nb5 Nf6 6. Nd6+ Bxd6 7. Qxd6 Nxe4 8. Qa3 Qf6 9. Be3 d5 10. Nd2 Bf5
11. O-O-O d4 12. Nxe4 Bxe4 13. Bd2 Qxf2 14. Bb5 Bxg2 15. Rhg1 Qf6 16. Rxg2 g6 17. Bg5 Qe6 18. Re2 f6 19. Bh4 O-O-O 20. Bg3 a6
21. Bd3 Rhe8 22. Rde1 Kb8 23. Qb3 Qxb3 24. axb3 Kc7 25. Rf2 f5 26. Bf1 Kb6 27. c3 e4 28. Bh4 Rd7 29. Bf6 d3 30. Bg5 Na5
31. b4 Nb3+ 32. Kb1 Kb5 33. Bxd3+ Rxd3
0-1

[Event "Campeonato Argentino 2004"]
[Site "SchemingMind.com"]
[Date "2004.09.01"]
[Round "-"]
[White "lea_dc"]
[Black "ferqwer"]
[Result "1-0"]
[WhiteCountry "ARG"]
[BlackCountry "ARG"]
[WhiteElo "1656"]
[WhiteRD "103"]
[BlackElo "1415"]
[BlackRD "170"]
[GameID "3650"]

1. e4 c5 2. Nf3 d6 3. d4 cxd4 4. Nxd4 e5 5. Nb3 Nf6 6. Nc3 Be7 7. Bb5+ Nc6 8. O-O O-O 9. Bg5 a6 10. Be2 h6
11. Be3 Be6 12. Qd2 Kh7 13. Rad1 Qc8 14. f3 Rg8 15. Nd5 Bxd5 16. exd5 Nb8 17. Bd3+ e4 18. fxe4 g5 19. e5+ Kh8 20. exf6 Bf8
21. Rf3 Nd7 22. Rh3 Nxf6 23. Bxg5 Nh7 24. Bf6+
1-0

[Event "Campeonato Argentino 2004"]
[Site "SchemingMind.com"]
[Date "2004.09.05"]
[Round "-"]
[White "ReyFeroz"]
[Black "lea_dc"]
[Result "1-0"]
[WhiteCountry "ARG"]
[BlackCountry "ARG"]
[WhiteElo "1947"]
[WhiteRD "129"]
[BlackElo "1605"]
[BlackRD "84"]
[GameID "3651"]

1. c4 c5 2. Nc3 Nc6 3. g3 Nf6 4. e4 d6 5. Bg2 e6 6. Nge2 Be7 7. O-O O-O 8. d4 b6 9. e5 Bb7 10. exf6 Bxf6
11. Be3 Qc7 12. Nb5 Qd8 13. Rb1 a6 14. Nbc3 Qc7 15. Ne4 Be7 16. Qd2 cxd4 17. Nxd4 Rfd8 18. Qc3 Rac8 19. Rbc1 Ne5 20. b3 d5
21. cxd5 Qxc3 22. Nxc3 exd5 23. Nxd5 Rxc1 24. Nxe7+ Kf8 25. Rxc1 Bxg2 26. Kxg2 Kxe7 27. f4
1-0

[Event "Campeonato Argentino 2004"]
[Site "SchemingMind.com"]
[Date "2004.09.04"]
[Round "-"]
[White "aberbacha"]
[Black "lea_dc"]
[Result "1-0"]
[WhiteCountry "ARG"]
[BlackCountry "ARG"]
[WhiteElo "2027"]
[WhiteRD "140"]
[BlackElo "1563"]
[BlackRD "85"]
[GameID "3652"]

1. d4 d5 2. c4 e6 3. Nc3 Nf6 4. cxd5 exd5 5. Bg5 Be7 6. e3 Nbd7 7. Bd3 O-O 8. Qc2 c6 9. Nge2 h6 10. Bh4 Re8
11. O-O Nf8 12. f3 Be6 13. Kh1 Bd7 14. Bf2 Ne6 15. e4 dxe4 16. fxe4 Nf8 17. e5 N6h7 18. Rad1 Qa5 19. a3 Ng5 20. b4 Qd8
21. d5 cxd5 22. Nxd5 Rc8 23. Qb3 Be6 24. Bb5 Nd7 25. Qa4 a6 26. Bxd7 Bxd7 27. Nf6+ gxf6 28. Rxd7
1-0

[Event "Campeonato Argentino 2004"]
[Site "SchemingMind.com"]
[Date "2004.09.01"]
[Round "-"]
[White "Jorge Anibal DEKMAK"]
[Black "lea_dc"]
[Result "1-0"]
[WhiteCountry "ARG"]
[BlackCountry "ARG"]
[WhiteElo "1924"]
[WhiteRD "132"]
[BlackElo "1580"]
[BlackRD "81"]
[GameID "3653"]

1. e4 c5 2. Nf3 Nc6 3. d4 cxd4 4. Nxd4 d6 5. Nc3 Nf6 6. Be2 e5 7. Nb3 Be7 8. Bg5 O-O 9. O-O a6 10. Qd2 b5
11. Bxf6 Bxf6 12. a4 Bg5 13. Qd5 Ne7 14. Qxa8 Qc7 15. Nd5 Nxd5 16. Qxd5 Qxc2 17. Qd3 Qxb2 18. Rfb1
1-0

[Event "Campeonato Argentino 2004"]
[Site "SchemingMind.com"]
[Date "2004.09.02"]
[Round "-"]
[White "Oskyrain"]
[Black "lea_dc"]
[Result "1-0"]
[WhiteCountry "ARG"]
[BlackCountry "ARG"]
[WhiteElo "1954"]
[WhiteRD "151"]
[BlackElo "1656"]
[BlackRD "103"]
[GameID "3654"]

1. d4 d5 2. c4 e6 3. Nc3 Nf6 4. Nf3 Nbd7 5. e3 Be7 6. Bd3 O-O 7. O-O c6 8. e4 dxe4 9. Nxe4 b6 10. Bf4 Ne8
11. Neg5 h6 12. Nh7 c5 13. Nxf8 Bxf8 14. Be4
1-0

[Event "Campeonato Argentino 2004"]
[Site "SchemingMind.com"]
[Date "2004.09.01"]
[Round "-"]
[White "ferqwer"]
[Black "lea_dc"]
[Result "1-0"]
[WhiteCountry "ARG"]
[BlackCountry "ARG"]
[WhiteElo "1415"]
[WhiteRD "170"]
[BlackElo "1656"]
[BlackRD "103"]
[GameID "3655"]

1. e4 c5 2. Nf3 Nc6 3. d4 cxd4 4. Nxd4 d6 5. Bb5 Bd7 6. Nc3 e5 7. Nf5 Bxf5 8. exf5 Nf6 9. Be3 Be7 10. Qf3 Rc8
11. Bxa7 O-O 12. Be3 Qa5 13. O-O e4 14. Qg3 Rfd8 15. a4 d5 16. Bh6 Bf8 17. Rad1 Qb4 18. Bg5 Be7 19. Bxf6 Bxf6 20. Nxd5 Qxb2
21. c3 Bxc3 22. Nxc3 Nd4 23. Rxd4 Rxd4 24. f6 g6 25. Qh3
1-0

[Event "Campeonato Argentino 2004"]
[Site "SchemingMind.com"]
[Date "2004.09.03"]
[Round "-"]
[White "calipo"]
[Black "ReyFeroz"]
[Result "1/2-1/2"]
[WhiteCountry "ARG"]
[BlackCountry "ARG"]
[WhiteElo "1979"]
[WhiteRD "100"]
[BlackElo "1927"]
[BlackRD "111"]
[GameID "3718"]

1. e4 c6 2. d4 d5 3. Nc3 dxe4 4. Nxe4 Bf5 5. Ng3 Bg6 6. h4 h6 7. Nf3 Nd7 8. h5 Bh7 9. Bd3 Bxd3 10. Qxd3 Qc7
11. Bd2 e6 12. O-O-O O-O-O 13. Qe2 Ngf6 14. Ne5 Nxe5 15. dxe5 Nd7 16. f4 Be7 17. Ne4 Nc5 18. Nc3 Qa5 19. Kb1 Na4 20. Qc4 Nxc3+=
21. Bxc3 Rxd1+ 22. Rxd1 Rd8 23. Rxd8+ Qxd8 24. Kc1 Qd5 25. Qxd5 cxd5 26. Bd4 Kc7 27. Kd2 a6 28. g4 Kc6=
1/2-1/2